|
|
|
|
| LEADER |
00000naa2a2200000 4500 |
| 001 |
140771 |
| 005 |
20231031142145.0 |
| 035 |
|
|
|a (RuTPU)RU\TPU\book\152519
|
| 090 |
|
|
|a 140771
|
| 100 |
|
|
|a 20080708d2005 k y0rusy50 ca
|
| 101 |
0 |
|
|a rus
|
| 102 |
|
|
|a RU
|
| 200 |
1 |
|
|a Проблема коммерциализации инновационного продукта в России
|f Т. В. Фролова
|
| 320 |
|
|
|a Библиогр.: 4 назв.
|
| 461 |
|
1 |
|0 (RuTPU)RU\TPU\book\107328
|t Энергия молодых - экономике России
|o труды VI Всероссийской научно-практической конференции студентов и молодых ученых, Томск, 19-22 апреля 2005 г.
|o в 2 ч.
|f Томский политехнический университет; Вольное экономическое общество России
|d 2005-
|
| 463 |
|
0 |
|0 (RuTPU)RU\TPU\book\73344
|t Ч. 1
|v С. 336-338
|d 2005
|
| 610 |
1 |
|
|a инновации
|
| 610 |
1 |
|
|a инновационные продукты
|
| 610 |
1 |
|
|a Россия
|
| 610 |
1 |
|
|a коммерциализация
|
| 610 |
1 |
|
|a конкурентоспособность
|
| 610 |
1 |
|
|a финансирование
|
| 610 |
1 |
|
|a финансовые ресурсы
|
| 610 |
1 |
|
|a труды учёных ТПУ
|
| 700 |
|
1 |
|a Фролова
|b Т. В.
|
| 801 |
|
1 |
|a RU
|b 63413507
|c 20080708
|g PSBO
|
| 801 |
|
2 |
|a RU
|b 63413507
|c 20161003
|g RCR
|
| 942 |
|
|
|c BK
|